00674cam a2200205 a 4500020001800000020001500018040000800033082002600041100002200067245009300089246004200182260006700224300005100291490001900342500002100361650002500382650002400407650002200431700001500453 a9789995052140 a9995052148 cCUS a333 CAM 2006 A065 Or.1 aHansen, Kasper K.10aNatural forest benefits and economic analysis of natural forest conversion in Cambodia /17aNatural forest conversion in Cambodia aPhnom Penh :bCambodia Development Resource Institute,c[2006] a117 p. :bill. (some col.), col. map ;c30 cm.1 aWorking paper, a"December 2006." 0aForests and forestry 0aForest conservation 0aForest management1 aTop, Neth.